| 000 | 02100nam0a2200361 4500 | ||
|---|---|---|---|
| 001 | RU\NLR\bibl\184948 | ||
| 005 | 20260405061840.0 | ||
| 010 |
_a5-94061-002-1 _93000 |
||
| 021 |
_aRU _b2000-44844 _92067 |
||
| 035 | _a(NLR Aleph) 000181527 | ||
| 090 |
_a1048084 _c1048084 |
||
| 100 | _a20010921d2000 |||y0rusy50 ca | ||
| 101 | 0 | _arus | |
| 102 | _aRU | ||
| 105 | _ay ||||||||| | ||
| 200 | 1 |
_aПрокурорский надзор в Российской Федерации _eУчеб. для студентов вузов, обучающихся по специальности "Юриспруденция" _f[Афанасьев С.В., Басалаев А.Н., к.ю.н., доц., Дворянский А.М., к.ю.н., проф., Дудин Н.П., проф. и др.] _gПод ред. д.ю.н., проф, В.И. Рохлина |
|
| 210 |
_aСПб. _cС.-Петерб. ин-т экспертов _cСентябрь _d2000 |
||
| 215 |
_a323 с. _d22 |
||
| 225 | 1 | _aСерия "Университетская книга" | |
| 320 | _aБиблиогр. в подстроч. примеч. | ||
| 606 | 0 |
_aПрокурорский надзор _jРуководства, пособия и т.п. _yРоссийская Федерация _92082635 _3RU\NLR\auth\661258662 |
|
| 606 | 0 |
_aПрокурорский надзор _jУчебные издания для высшей школы _yРоссийская Федерация _92082635 _3RU\NLR\auth\661258662 |
|
| 686 | _aХ629.12я73 | ||
| 701 | 1 |
_aАфанасьев _bС. В. _gСергей Владимирович _4070 |
|
| 701 | 1 |
_aБасалаев _bА. Н. _gАлексей Николаевич _4070 |
|
| 701 | 1 |
_aДворянский _bА. М. _gАлександр Михайлович _4070 |
|
| 701 | 1 |
_aН.П. _gНиколай Павлович _4070 |
|
| 702 | 1 |
_4340 _8rus _7ca _aРохлин _bВ.И. _gВиктор Иванович _3RU\NLR\auth\7720767 _93833 |
|
| 801 | 0 |
_aRU _bNLR _c20010921 _gPSBO |
|
| 801 | 1 |
_aRU _bNLR _c20010921 |
|
| 942 | _cBOOK | ||
| 980 | _aNB | ||